01675 a2200217 45000010006000000050017000060080041000230030015000640400040000790800053001192450046001720200018002182500011002362640028002473000020002755051011002950410008013061000020013147000028013348560095013622439120260407155528.0260407a1992 arg spa dAR-UNSa-BCEJYS aAR-UNSa-BCEJYSbspacAR-UNSa-BCEJYS a517.1xIntroducción al análisis. (Cálculo)10aEl cálculopcon geometría análitica a970-613-040-3 a6a. ed 1aMéxico :bHarlac1992 a1562 p.c22 cm. a1. Números reales, funciones y gráfica - 2. Límites y continuidad - 3. La derivada y la diferenciación - 4. Valores extremos de funciones,técnicas de graficación y la diferencial - 5. Integral definida e integración - 6. Aplicaciones de la integral definida - 7. Funciones inversas, logaritmicas y funciones exponenciales - 8. Funciones trigonométricas inversas y funciones hiperbólicas - 9. Técnicas de integración - 10. Secciones cónicas y coordenadas polares - 11. Formas indeterminadas, integrales impropias y fórmulas de Taylor - 12. Sucesiones y series infinitas de términos constantes - 13. Serie de potencias - 14. Vectores en el plano y ecuaciones paramétricas - 15. Vectores y geometría analítica en el espacio - 16. Cálculo diferencial de funciones de más de una variable - 17. Derivadas direccionales, gradientes y aplicaciones de las derivadas parciales - 18. Integración multiple - 19. Introducción al cálculo de campos vectoriales - 20.Apéndice. aspa1 aLeithold, Louis1 aEroles Gómez, Antonio41uhttps://biblioeco.unsa.edu.ar/pmb/images/libros/L125788.jpgyImagen de portadaqimage/jpeg